[Event "Junior Online 4NCL Division 3"]
[Site "online"]
[Date "2020.04.16"]
[Round "1.25"]
[White "Sankar, Dheekshitha"]
[Black "Ghosh, Kabir A"]
[Result "0-1"]
[WhiteElo "1510"]
[BlackElo "1622"]
[PlyCount "110"]
[EventDate "2020.04.16"]
[WhiteTeam "Harrow Juniors B"]
[BlackTeam "Dulwich College Junior"]

1. e4 c5 2. Nf3 d6 3. c3 Nf6 4. Bd3 Nc6 5. h3 Bd7 6. O-O e6 7. Re1 Be7 8. Bc2
O-O 9. d4 cxd4 10. cxd4 Qc7 11. Nc3 Rfe8 12. Bg5 h6 13. Bh4 a6 14. a4 Rac8 15.
Ra3 Qd8 16. e5 dxe5 17. dxe5 Bxa3 18. exf6 g6 19. bxa3 Na7 20. Re3 b5 21. Ne5
Bc6 22. Qxd8 Rexd8 23. Be4 Bxe4 24. Nxe4 bxa4 25. Kh2 Rd5 26. Nf3 Rcd8 27. Ne1
Nb5 28. Nc3 Nxc3 29. Rxc3 Rd1 30. Nf3 R1d3 31. Rc6 R8d6 32. Rc8+ Kh7 33. Rc7
Rd7 34. Rc6 Ra7 35. Ne5 Rxa3 36. Nxf7 Rxf7 37. Rxa6 Ra1 38. Kg3 g5 39. Bxg5
hxg5 40. Kg4 Rxf6 41. Kxg5 Rf7 42. Rxe6 a3 43. Rh6+ Kg8 44. Rg6+ Rg7 45. h4
Rxg6+ 46. Kxg6 a2 47. Kf5 Rh1 48. Kg6 a1=Q 49. h5 Qg7+ 50. Kf5 Rxh5+ 51. Kf4
Qf6+ 52. Kg4 Qf5+ 53. Kg3 Rg5+ 54. Kh2 Qxf2 55. Kh3 Qg3# 0-1

[Event "Junior Online 4NCL Division 3"]
[Site "online"]
[Date "2020.04.16"]
[Round "1.26"]
[White "Nguyen, Ryan"]
[Black "Patel, Krrish"]
[Result "1-0"]
[WhiteElo "1517"]
[BlackElo "1517"]
[PlyCount "79"]
[EventDate "2020.04.16"]
[WhiteTeam "Dulwich College Junior"]
[BlackTeam "Harrow Juniors B"]

1. e4 c5 2. c3 Nc6 3. d4 cxd4 4. cxd4 d5 5. e5 e6 6. Nf3 Nge7 7. Bd3 g6 8. O-O
Bg7 9. Nc3 O-O 10. Be3 Bd7 11. Qd2 Re8 12. Bh6 Bh8 13. a3 a6 14. Rac1 Nf5 15.
Bg5 f6 16. Bxf5 exf5 17. exf6 Bxf6 18. Nxd5 Bxg5 19. Qxg5 Qxg5 20. Nxg5 Kg7 21.
Nc7 h6 22. Nxe8+ Rxe8 23. Nf3 Be6 24. Rfe1 Bf7 25. Rxe8 Bxe8 26. d5 Ne7 27. d6
Nd5 28. Rd1 Nb6 29. Ne5 Nd7 30. Nxd7 Bxd7 31. Re1 Kf6 32. f4 Be6 33. Rd1 Bd7
34. Kf2 b6 35. Ke3 b5 36. Kd4 a5 37. Kc5 a4 38. Kb6 Kf7 39. Kc7 Ke8 40. Re1+
1-0

[Event "Junior Online 4NCL Division 3"]
[Site "online"]
[Date "2020.04.16"]
[Round "1.27"]
[White "Parikh, Naavya"]
[Black "Avril, Aaran"]
[Result "1-0"]
[WhiteElo "1375"]
[BlackElo "1375"]
[PlyCount "113"]
[EventDate "2020.04.16"]
[WhiteTeam "Harrow Juniors B"]
[BlackTeam "Dulwich College Junior"]

1. e4 e5 2. Nf3 Nc6 3. Bc4 Bc5 4. d3 Nf6 5. Bg5 h6 6. Bh4 O-O 7. Nc3 d6 8. Nd5
g5 9. Bg3 Nxd5 10. Bxd5 Bg4 11. h3 Bh5 12. c3 Qd7 13. O-O b5 14. b4 Bb6 15. c4
bxc4 16. b5 Nd4 17. Bxa8 Rxa8 18. dxc4 Nxf3+ 19. gxf3 Qe6 20. Qd3 a6 21. Kg2
axb5 22. cxb5 Bc5 23. Qd5 Qf6 24. Qxa8+ Kg7 25. Kh2 Qxf3 26. Qa4 g4 27. Qb3
Qxe4 28. Rfe1 Qf5 29. Qb1 Qd7 30. hxg4 Qxg4 31. Qe4 Qe6 32. Bxe5+ dxe5 33.
Qxe5+ Qxe5+ 34. Rxe5 Bd4 35. Rxh5 Bxa1 36. Rc5 Bd4 37. Rxc7 Bxf2 38. a4 Bb6 39.
Rb7 Bd8 40. b6 Kg6 41. a5 f5 42. a6 f4 43. a7 f3 44. a8=Q f2 45. Qa1 Bf6 46.
Qb1+ Kh5 47. Qd1+ Kh4 48. Qd2 f1=Q 49. Qb4+ Kg5 50. Qc5+ Kg6 51. Qc2+ Kg5 52.
Qd2+ Kg6 53. Qd6 Qf2+ 54. Kh3 Qf3+ 55. Qg3+ Qxg3+ 56. Kxg3 h5 57. Rd7 1-0

[Event "Junior Online 4NCL Division 3"]
[Site "online"]
[Date "2020.04.16"]
[Round "1.28"]
[White "He, Andy"]
[Black "Benhamou, Nathan"]
[Result "0-1"]
[WhiteElo "1382"]
[BlackElo "1382"]
[PlyCount "72"]
[EventDate "2020.04.16"]
[WhiteTeam "Dulwich College Junior"]
[BlackTeam "Harrow Juniors B"]

1. e4 e5 2. Nf3 Nc6 3. Bb5 Nf6 4. O-O a6 5. Ba4 Bc5 6. c3 Nxe4 7. d4 exd4 8.
cxd4 Bb4 9. a3 Ba5 10. b4 Bb6 11. Re1 d5 12. Nc3 Bf5 13. Nxe4 dxe4 14. Nd2 Bxd4
15. Rb1 e3 16. fxe3 Bxb1 17. exd4+ Kf8 18. Nxb1 Qxd4+ 19. Qxd4 Nxd4 20. Nc3 g6
21. Bf4 b5 22. Bd1 Re8 23. Rf1 c6 24. Bd6+ Kg7 25. Bb3 Nxb3 26. Ne4 Rxe4 27.
Rc1 Nxc1 28. Kf2 Rd8 29. Bc5 Rd2+ 30. Kf3 Rc4 31. Be3 Rd3 32. g3 Rcc3 33. Kf2
Rxe3 34. Kg2 Rc2+ 35. Kf1 Nd3 36. Kg1 Re1# 0-1

[Event "Junior Online 4NCL Division 3"]
[Site "online"]
[Date "2020.04.16"]
[Round "1.31"]
[White "Jayawarna, Tarini"]
[Black "Postans, Harrison"]
[Result "1-0"]
[WhiteElo "1652"]
[BlackElo "1620"]
[PlyCount "81"]
[EventDate "2020.04.16"]
[WhiteTeam "Manchester Juniors A"]
[BlackTeam "EPR Paradox"]

1. e4 e5 2. Nf3 Nc6 3. Bb5 a6 4. Ba4 Nf6 5. O-O b5 6. Bb3 Bc5 7. c3 d5 8. exd5
Nxd5 9. d4 exd4 10. cxd4 Be7 11. Nc3 Nxc3 12. bxc3 O-O 13. Re1 Bf6 14. Bf4 Bg4
15. Qd3 Bxf3 16. Qxf3 Qd7 17. Re2 Na5 18. Bc2 Rfe8 19. Rae1 Rad8 20. h3 Nc4 21.
Rxe8+ Rxe8 22. Rxe8+ Qxe8 23. Bxc7 Nd2 24. Qf5 Kf8 25. Qxh7 g6 26. Qh6+ Kg8 27.
Qxd2 Qd7 28. Bg3 Qd5 29. a3 Bg5 30. Qe2 Qd7 31. Qe5 Bh6 32. Qd6 Qe8 33. Qxa6
Qe1+ 34. Kh2 Bg7 35. Qxb5 Qxc3 36. Qb8+ Kh7 37. Bb3 Qxd4 38. Qe8 Qb6 39. Qxf7
Qb5 40. Bf4 Qe2 41. Qg8# 1-0

[Event "Junior Online 4NCL Division 3"]
[Site "online"]
[Date "2020.04.16"]
[Round "1.32"]
[White "Stevenson, Neil"]
[Black "Jayawarna, Thisumi"]
[Result "0-1"]
[WhiteElo "1483"]
[BlackElo "1562"]
[PlyCount "152"]
[EventDate "2020.04.16"]
[WhiteTeam "EPR Paradox"]
[BlackTeam "Manchester Juniors A"]

1. e4 d5 2. exd5 Qxd5 3. Nc3 Qa5 4. d4 Nf6 5. Nf3 c6 6. Bc4 Bf5 7. O-O e6 8.
Bd2 Nbd7 9. Re1 Bb4 10. a3 Bxc3 11. Bxc3 Qc7 12. Ne5 Nxe5 13. dxe5 Nd5 14. Bxd5
cxd5 15. Bb4 O-O-O 16. c3 Qc6 17. Qh5 Bg6 18. Qg5 Kb8 19. Bd6+ Ka8 20. Qe3 Rc8
21. a4 Qc4 22. a5 Rc6 23. Rec1 Qe4 24. Qxe4 Bxe4 25. b4 Rhc8 26. Bc5 Bd3 27.
Rd1 Bc4 28. g3 g6 29. Rd4 Bb5 30. Rf4 R8c7 31. Rh4 h5 32. Rf4 Kb8 33. Bd6 Rxd6
34. exd6 Rc6 35. d7 Rd6 36. Rxf7 Bxd7 37. Rg7 e5 38. Re1 e4 39. Re3 Kc7 40. Kg2
a6 41. f3 exf3+ 42. Kxf3 Rf6+ 43. Kg2 Rd6 44. Ree7 d4 45. cxd4 Rxd4 46. Rxg6
Rxb4 47. Rg5 Rb5 48. Rxb5 axb5 49. Kf3 b4 50. Re4 b3 51. Rb4 Be6 52. Kf4 Kc6
53. Kg5 Bf7 54. g4 hxg4 55. Kxg4 Be6+ 56. Kg5 Bd5 57. h4 Kc5 58. Rxb3 Bxb3 59.
h5 Bc2 60. Kf4 Kb5 61. a6 bxa6 62. Ke3 Kb4 63. Kd2 Kb3 64. Kc1 a5 65. h6 Bh7
66. Kd2 a4 67. Kc1 a3 68. Kd2 a2 69. Ke3 a1=Q 70. Kd2 Qc3+ 71. Ke2 Qd3+ 72. Kf2
Be4 73. Ke1 Qc2 74. Kf1 Bf3 75. h7 Qe2+ 76. Kg1 Qg2# 0-1

[Event "Junior Online 4NCL Division 3"]
[Site "online"]
[Date "2020.04.16"]
[Round "1.33"]
[White "Eccleston, Bryony"]
[Black "Wynn, Jacob"]
[Result "1-0"]
[WhiteElo "1390"]
[BlackElo "1234"]
[PlyCount "65"]
[EventDate "2020.04.16"]
[WhiteTeam "Manchester Juniors A"]
[BlackTeam "EPR Paradox"]

1. d4 d5 2. Bf4 Nf6 3. e3 Bf5 4. Nf3 e6 5. Be2 c6 6. c4 Nbd7 7. Nc3 Bb4 8. Qb3
c5 9. dxc5 Bxc5 10. O-O Rb8 11. cxd5 exd5 12. Bxb8 Qxb8 13. Nxd5 Nxd5 14. Qxd5
Be6 15. Qd2 O-O 16. Bb5 a6 17. Bxd7 Rd8 18. Qc3 Qc7 19. Bxe6 fxe6 20. Rad1 Rf8
21. Rd3 Qe7 22. Rfd1 Bb6 23. Rd7 Qf6 24. Qxf6 Rxf6 25. Rxb7 h6 26. Rxb6 a5 27.
Rdd6 Kf7 28. Rb7+ Kg6 29. Ne5+ Kf5 30. f4 Ke4 31. Kf2 a4 32. Rd4+ Kf5 33. g4#
1-0

[Event "Junior Online 4NCL Division 3"]
[Site "online"]
[Date "2020.04.16"]
[Round "1.34"]
[White "Haddow, Dylan"]
[Black "Fairclough, William"]
[Result "0-1"]
[WhiteElo "803"]
[BlackElo "1315"]
[PlyCount "36"]
[EventDate "2020.04.16"]
[WhiteTeam "EPR Paradox"]
[BlackTeam "Manchester Juniors A"]

1. e4 e5 2. Nf3 Nc6 3. Nc3 Nf6 4. Bc4 Bc5 5. d3 O-O 6. O-O Re8 7. Nd5 Nxd5 8.
exd5 Nd4 9. Nxd4 exd4 10. Qg4 d6 11. Qg3 c6 12. Bh6 Qf6 13. Rae1 Rxe1 14. Rxe1
Bd7 15. Re7 Qxh6 16. Qf3 Qc1+ 17. Qd1 Qxd1+ 18. Re1 Qxe1# 0-1

[Event "Junior Online 4NCL Division 3"]
[Site "online"]
[Date "2020.04.16"]
[Round "1.35"]
[White "Postans, Harrison"]
[Black "Jayawarna, Tarini"]
[Result "1/2-1/2"]
[WhiteElo "1620"]
[BlackElo "1652"]
[PlyCount "121"]
[EventDate "2020.04.16"]
[WhiteTeam "EPR Paradox"]
[BlackTeam "Manchester Juniors A"]

1. e4 e6 2. d4 d5 3. exd5 exd5 4. c4 Nf6 5. Nc3 Nc6 6. Bg5 dxc4 7. Bxc4 h6 8.
Be3 Bf5 9. Nf3 Qd7 10. O-O Bd6 11. Re1 O-O-O 12. a3 Rdg8 13. b4 g5 14. d5 Ne5
15. Nxe5 Bxe5 16. Bd4 Bxd4 17. Qxd4 Qd6 18. Qxa7 Nd7 19. Qd4 g4 20. g3 h5 21.
h4 gxh3 22. Kh2 h4 23. Re3 hxg3+ 24. fxg3 f6 25. Nb5 Qf8 26. d6 c6 27. Bxg8
Rxg8 28. Nc3 Qg7 29. Rae1 Ne5 30. d7+ Bxd7 31. Rd1 Ng4+ 32. Kh1 Nxe3 33. Qxe3
Re8 34. Qa7 Qxg3 35. Qa8+ Kc7 36. Qa5+ Kc8 37. Qa8+ Qb8 38. Qxb8+ Kxb8 39. Rxd7
Re1+ 40. Kh2 Re3 41. Nd1 Rxa3 42. Rf7 Rb3 43. Rxf6 Rxb4 44. Kxh3 Rb3+ 45. Kg4
c5 46. Kf4 c4 47. Ke4 c3 48. Rf2 b5 49. Kd4 b4 50. Kc4 Rb1 51. Nxc3 bxc3 52.
Kxc3 Rc1+ 53. Kd2 Ra1 54. Kd3 Ra3+ 55. Ke4 Ra5 56. Rb2+ Ka7 57. Kd4 Ra4+ 58.
Kd5 Ra5+ 59. Kd4 Ra4+ 60. Kd5 Ra5+ 61. Kd4 1/2-1/2

[Event "Junior Online 4NCL Division 3"]
[Site "online"]
[Date "2020.04.16"]
[Round "1.36"]
[White "Jayawarna, Thisumi"]
[Black "Stevenson, Neil"]
[Result "1/2-1/2"]
[WhiteElo "1562"]
[BlackElo "1483"]
[PlyCount "42"]
[EventDate "2020.04.16"]
[WhiteTeam "Manchester Juniors A"]
[BlackTeam "EPR Paradox"]

1. e4 e5 2. Nf3 d6 3. d4 f5 4. exf5 e4 5. Nfd2 Nf6 6. Nc3 d5 7. Be2 Bxf5 8. O-O
Nc6 9. Nb3 Bd6 10. Bg5 O-O 11. Bh4 Qe8 12. Bxf6 Rxf6 13. Nxd5 Rh6 14. h3 Qg6
15. Bg4 Bxg4 16. Qxg4 Qxg4 17. hxg4 Bh2+ 18. Kh1 Bg3+ 19. Kg1 Bh2+ 20. Kh1 Bg3+
21. Kg1 Bh2+ 1/2-1/2

[Event "Junior Online 4NCL Division 3"]
[Site "online"]
[Date "2020.04.16"]
[Round "1.37"]
[White "Wynn, Jacob"]
[Black "Eccleston, Bryony"]
[Result "1/2-1/2"]
[WhiteElo "1234"]
[BlackElo "1390"]
[PlyCount "36"]
[EventDate "2020.04.16"]
[WhiteTeam "EPR Paradox"]
[BlackTeam "Manchester Juniors A"]

1. e4 e6 2. d4 d5 3. exd5 exd5 4. Nc3 Nf6 5. Nf3 Bd6 6. Bg5 c6 7. Be2 Nbd7 8.
O-O O-O 9. Re1 Nb6 10. Bd3 Be6 11. Qd2 Nc4 12. Qc1 h6 13. Bxh6 gxh6 14. Qxh6
Nxb2 15. Qg5+ Kh8 16. Qh6+ Kg8 17. Qg5+ Kh8 18. Qh6+ Kg8 1/2-1/2

[Event "Junior Online 4NCL Division 3"]
[Site "online"]
[Date "2020.04.16"]
[Round "1.38"]
[White "Fairclough, William"]
[Black "Haddow, Dylan"]
[Result "1-0"]
[WhiteElo "1315"]
[BlackElo "803"]
[PlyCount "45"]
[EventDate "2020.04.16"]
[WhiteTeam "Manchester Juniors A"]
[BlackTeam "EPR Paradox"]

1. e4 e5 2. Nf3 Nc6 3. Bc4 Nf6 4. d3 Bc5 5. O-O d6 6. Re1 Nd4 7. Nxd4 exd4 8.
c3 dxc3 9. Nxc3 Bg4 10. Qb3 Nh5 11. Bxf7+ Kf8 12. Bxh5 Bxh5 13. e5 d5 14. Na4
Qf6 15. exf6 Kf7 16. fxg7 Rhe8 17. Qxd5+ Kxg7 18. Rxe8 Rxe8 19. Qg5+ Kh8 20.
Bd2 Re2 21. Bc3+ Bd4 22. Bxd4+ Re5 23. Bxe5# 1-0

[Event "Junior Online 4NCL Division 3"]
[Site "online"]
[Date "2020.04.16"]
[Round "1.41"]
[White "Byrom, Harris"]
[Black "Hurst, Joseph"]
[Result "0-1"]
[WhiteElo "1457"]
[BlackElo "1645"]
[PlyCount "100"]
[EventDate "2020.04.16"]
[WhiteTeam "Ojays D"]
[BlackTeam "Robin Hoods 1"]

1. d4 Nf6 2. c4 g6 3. Nc3 Bg7 4. Nf3 O-O 5. Bf4 d6 6. e3 Nc6 7. Bd3 Nd7 8. g4
e5 9. dxe5 Ndxe5 10. Nxe5 Nxe5 11. Be2 Be6 12. b3 Nxc4 13. Qc2 Ne5 14. h3 c6
15. O-O-O a5 16. Bxe5 Bxe5 17. f4 Bxc3 18. Qxc3 f5 19. g5 a4 20. Kd2 axb3 21.
axb3 Qa5 22. Qxa5 Rxa5 23. Ke1 Bxb3 24. Rxd6 Rd5 25. Rxd5 Bxd5 26. Rh2 b5 27.
h4 b4 28. h5 b3 29. hxg6 hxg6 30. Bd3 Rb8 31. Rb2 c5 32. Kd1 c4 33. Bb1 c3 34.
Rh2 Bf3+ 35. Ke1 Rd8 36. Bc2 bxc2 37. Rxc2 Rd1+ 38. Kf2 Rd2+ 39. Rxd2 cxd2 40.
Kxf3 d1=Q+ 41. Kf2 Qd2+ 42. Kf3 Kf7 43. e4 fxe4+ 44. Kxe4 Ke6 45. Kf3 Kf5 46.
Kg3 Qxf4+ 47. Kg2 Qe3 48. Kh1 Kg4 49. Kh2 Qd2+ 50. Kg1 Kg3 0-1

[Event "Junior Online 4NCL Division 3"]
[Site "online"]
[Date "2020.04.16"]
[Round "1.42"]
[White "Stapleton, Dean"]
[Black "Masacorale, Jamie"]
[Result "0-1"]
[WhiteElo "1457"]
[BlackElo "1457"]
[PlyCount "104"]
[EventDate "2020.04.16"]
[WhiteTeam "Robin Hoods 1"]
[BlackTeam "Ojays D"]

1. d4 d5 2. Nc3 Nf6 3. Bf4 a6 4. e3 Nc6 5. Nf3 Bf5 6. Nh4 Bd7 7. Qd2 Nh5 8. g3
h6 9. Be2 Nf6 10. Nf3 Bf5 11. O-O-O g5 12. Be5 Nxe5 13. dxe5 Ne4 14. Nxe4 Bxe4
15. Kb1 e6 16. h3 Bg7 17. Rhe1 Bxf3 18. Bxf3 Bxe5 19. e4 c6 20. Qb4 Rb8 21.
exd5 Bg7 22. dxe6 Qc7 23. Bh5 c5 24. exf7+ Kf8 25. Qe4 Bd4 26. Qxd4 cxd4 27.
Rxd4 Kg7 28. h4 Rhd8 29. Rde4 Qc6 30. a3 b5 31. Re8 Rxe8 32. Rxe8 Qh1+ 33. Ka2
Qd5+ 34. Kb1 Qh1+ 35. Ka2 Qd5+ 36. b3 Rxe8 37. fxe8=Q Qf5 38. Qe7+ Kh8 39. g4
Qxc2+ 40. Ka1 Qc3+ 41. Kb1 Qxb3+ 42. Kc1 Qc3+ 43. Kd1 Qd3+ 44. Ke1 Qc3+ 45. Ke2
Qc2+ 46. Ke3 Qc3+ 47. Ke4 Qc4+ 48. Ke5 Qe2+ 49. Kf6 Qxf2+ 50. Kg6 Qc2+ 51. Kf7
Qh7+ 52. Kf8 Qg8# 0-1

[Event "Junior Online 4NCL Division 3"]
[Site "online"]
[Date "2020.04.16"]
[Round "1.43"]
[White "Kroening, Alexander"]
[Black "Tomsett, Jonah"]
[Result "1-0"]
[WhiteElo "1435"]
[BlackElo "1382"]
[PlyCount "171"]
[EventDate "2020.04.16"]
[WhiteTeam "Ojays D"]
[BlackTeam "Robin Hoods 1"]

1. e4 e5 2. Nf3 Nc6 3. Bc4 Nf6 4. d3 h6 5. O-O Bc5 6. Nc3 d6 7. Be3 Bg4 8. h3
Bxf3 9. Qxf3 Bxe3 10. fxe3 a6 11. Rad1 b5 12. Bb3 b4 13. Ne2 O-O 14. d4 Ne7 15.
dxe5 Nh7 16. exd6 cxd6 17. e5 d5 18. Bxd5 Nxd5 19. Rxd5 Qe7 20. Qf4 Rac8 21.
Nd4 Qb7 22. Ra5 Rfd8 23. Ra4 Qd7 24. Rxa6 Qb7 25. Ra4 Ra8 26. Rxa8 Rxa8 27. Ra1
Qd5 28. b3 Nf8 29. Ne2 Ng6 30. Qd4 Qxd4 31. exd4 Rc8 32. Rc1 f6 33. exf6 gxf6
34. Ng3 Rd8 35. Rd1 Nf4 36. Nf5 Ne2+ 37. Kf2 Nc3 38. Ra1 Ne4+ 39. Ke3 Re8 40.
Nxh6+ Kg7 41. Nf5+ Kg6 42. Nh4+ Kh5 43. Nf5 Nd6+ 44. Kf4 Re4+ 45. Kf3 Re6 46.
Nxd6 Rxd6 47. Ke3 f5 48. Kd3 Kh4 49. Rg1 Kg3 50. Ke2 Rxd4 51. Rf1 Re4+ 52. Kd3
Kxg2 53. Rxf5 Re1 54. h4 Rh1 55. h5 Rh3+ 56. Ke4 Rh4+ 57. Ke5 Kg3 58. Kd5 Kg4
59. Re5 Kf4 60. Re4+ Kg5 61. Rxh4 Kxh4 62. Kc5 Kxh5 63. Kxb4 Kg6 64. a4 Kf7 65.
Kb5 Ke8 66. Kb6 Kd8 67. Kb7 Kd7 68. a5 Kd6 69. a6 Kc5 70. a7 Kb4 71. a8=Q Kc3
72. Qa4 Kb2 73. c4 Kb1 74. b4 Kb2 75. c5 Kc3 76. b5 Kb2 77. Qc4 Ka3 78. b6 Kb2
79. Qd3 Ka2 80. Qb5 Ka3 81. Kc6 Ka2 82. Kd5 Ka3 83. Kc4 Ka2 84. Kc3 Ka1 85. Kc2
Ka2 86. Qb2# 1-0

[Event "Junior Online 4NCL Division 3"]
[Site "online"]
[Date "2020.04.16"]
[Round "1.44"]
[White "Griffin-Young, Sebastian"]
[Black "Genc, Guven"]
[Result "1-0"]
[WhiteElo "1420"]
[BlackElo "1397"]
[PlyCount "61"]
[EventDate "2020.04.16"]
[WhiteTeam "Robin Hoods 1"]
[BlackTeam "Ojays D"]

1. d4 d5 2. Bf4 Nf6 3. Nf3 Bf5 4. e3 e6 5. Bd3 Nc6 6. Bxf5 exf5 7. O-O Bd6 8.
Bg3 Bxg3 9. fxg3 Qd7 10. Nh4 g6 11. Nd2 O-O-O 12. a4 Rhe8 13. Qf3 Ng4 14. Rae1
Qe7 15. e4 dxe4 16. Qe2 Nf6 17. c3 Na5 18. b4 Nc6 19. Nc4 a6 20. b5 Nb8 21.
bxa6 Nxa6 22. Rb1 Nd5 23. Rfc1 f4 24. Qg4+ f5 25. Qh3 e3 26. Na5 Nb6 27. gxf4
e2 28. Re1 Qe4 29. Qf3 Qxf3 30. Nxf3 Nxa4 31. Rxb7 1-0

[Event "Junior Online 4NCL Division 3"]
[Site "online"]
[Date "2020.04.16"]
[Round "1.45"]
[White "Hurst, Joseph"]
[Black "Byrom, Harris"]
[Result "1-0"]
[WhiteElo "1645"]
[BlackElo "1457"]
[PlyCount "73"]
[EventDate "2020.04.16"]
[WhiteTeam "Robin Hoods 1"]
[BlackTeam "Ojays D"]

1. e4 e5 2. Nf3 Nf6 3. d4 exd4 4. Nxd4 Nxe4 5. Nf3 Nf6 6. Nc3 Nc6 7. Bc4 h6 8.
O-O Bc5 9. Re1+ Ne7 10. Nd5 Nfxd5 11. Qxd5 Bxf2+ 12. Kxf2 O-O 13. Qe4 Re8 14.
Bd2 c6 15. Qf4 d5 16. Bd3 Qb6+ 17. Kf1 Qxb2 18. Qb4 Qxb4 19. Bxb4 Kf8 20. Bxe7+
Rxe7 21. Rxe7 Kxe7 22. Re1+ Kf8 23. h3 a5 24. c4 Be6 25. cxd5 Bxd5 26. a4 Rb8
27. Rb1 b5 28. axb5 cxb5 29. Rxb5 Rxb5 30. Bxb5 Bb3 31. Nd4 Be6 32. Nc6 Bd7 33.
Ke2 Ke8 34. Kd3 Bxc6 35. Bxc6+ Ke7 36. Kc4 Kd6 37. Kb5 1-0

[Event "Junior Online 4NCL Division 3"]
[Site "online"]
[Date "2020.04.16"]
[Round "1.46"]
[White "Masacorale, Jamie"]
[Black "Stapleton, Dean"]
[Result "1-0"]
[WhiteElo "1457"]
[BlackElo "1457"]
[PlyCount "70"]
[EventDate "2020.04.16"]
[WhiteTeam "Ojays D"]
[BlackTeam "Robin Hoods 1"]

1. d4 d5 2. Bf4 Nc6 3. e3 Bf5 4. c4 Nf6 5. Nc3 Nb4 6. Rc1 c6 7. a3 Na6 8. cxd5
cxd5 9. Bxa6 bxa6 10. Nce2 e6 11. Nf3 Be4 12. Ng3 g6 13. Nxe4 dxe4 14. Nd2 Bg7
15. Bg5 O-O 16. Nxe4 Qe7 17. Nxf6+ Bxf6 18. Bxf6 Qxf6 19. O-O Rad8 20. Qa4 e5
21. dxe5 Qxe5 22. Rb1 Rd6 23. Qc2 Rfd8 24. b4 a5 25. bxa5 Qxa5 26. a4 Qg5 27.
Rfd1 Re6 28. Rxd8+ Qxd8 29. g3 Qg5 30. Kg2 h5 31. Rb8+ Kg7 32. Qc8 h4 33. Qg8+
Kf6 34. Qh8+ Kf5 35. Rb5+ Ke4 1-0

[Event "Junior Online 4NCL Division 3"]
[Site "online"]
[Date "2020.04.16"]
[Round "1.47"]
[White "Tomsett, Jonah"]
[Black "Kroening, Alexander"]
[Result "0-1"]
[WhiteElo "1382"]
[BlackElo "1435"]
[PlyCount "64"]
[EventDate "2020.04.16"]
[WhiteTeam "Robin Hoods 1"]
[BlackTeam "Ojays D"]

1. e4 e5 2. Nf3 Nc6 3. Bc4 Nd4 4. Nxe5 Qg5 5. Qg4 Qxe5 6. d3 Nxc2+ 7. Kd2 Nxa1
8. f4 Qa5+ 9. Nc3 d5 10. Bxd5 Bxg4 11. Bxb7 Rb8 12. Bc6+ Bd7 13. Bxd7+ Kxd7 14.
a3 Nb3+ 15. Kc2 Nd4+ 16. Kd2 Nf6 17. b4 Bxb4 18. axb4 Nb3+ 19. Ke3 Rxb4 20. e5
Qb6+ 21. Kf3 Nd4+ 22. Kg3 Nh5+ 23. Kh4 Nxf4 24. Bxf4 Nf5+ 25. Kg4 Qg6+ 26. Kf3
Qh5+ 27. g4 Qh3+ 28. Kf2 Rxf4+ 29. Ke2 Nd4+ 30. Kd2 Rf2+ 31. Ke1 Qe3+ 32. Kd1
Qd2# 0-1

[Event "Junior Online 4NCL Division 3"]
[Site "online"]
[Date "2020.04.16"]
[Round "1.48"]
[White "Genc, Guven"]
[Black "Griffin-Young, Sebastian"]
[Result "1-0"]
[WhiteElo "1397"]
[BlackElo "1420"]
[PlyCount "87"]
[EventDate "2020.04.16"]
[WhiteTeam "Ojays D"]
[BlackTeam "Robin Hoods 1"]

1. e4 c5 2. Nf3 d6 3. d4 cxd4 4. Nxd4 Nf6 5. Nc3 g6 6. Bb5+ Bd7 7. Bxd7+ Qxd7
8. O-O Bg7 9. Bf4 e5 10. Ndb5 exf4 11. Qxd6 Qxd6 12. Nxd6+ Kf8 13. Nxb7 Nc6 14.
Rad1 Rb8 15. Nc5 Rxb2 16. Rd2 Nh5 17. g4 fxg3 18. Nd7+ Ke8 19. Ne2 gxh2+ 20.
Kxh2 Rxa2 21. Rfd1 Ne5 22. Kg2 Nxd7 23. Rxd7 Bf6 24. R1d2 Bg5 25. f4 Nxf4+ 26.
Nxf4 Bxf4 27. Rd8+ Ke7 28. R2d7+ Kf6 29. Rxh8 Rxc2+ 30. Kf3 Be5 31. Rxh7 Rc3+
32. Ke2 Rc2+ 33. Kd1 Ke6 34. Rhxf7 Rc5 35. Rxa7 g5 36. Rf5 g4 37. Ke2 Rc4 38.
Ra6+ Kd7 39. Rxe5 g3 40. Kf1 Rc2 41. Rh5 g2+ 42. Kg1 Re2 43. Rh7+ Ke8 44. Ra8#
1-0

[Event "Junior Online 4NCL Division 3"]
[Site "online"]
[Date "2020.04.16"]
[Round "1.51"]
[White "Shaporenkov, Robert"]
[Black "Pyun, Lindsay"]
[Result "0-1"]
[WhiteElo "1427"]
[BlackElo "1495"]
[PlyCount "244"]
[EventDate "2020.04.16"]
[WhiteTeam "St Albans Early Knights 2"]
[BlackTeam "Leicestershire Juniors 1"]

1. d4 d5 2. Bf4 Nf6 3. e3 Bf5 4. Nd2 e6 5. c3 Bd6 6. Bg3 Qd7 7. f3 O-O 8. a4
Nc6 9. c4 Rfe8 10. c5 Bxg3+ 11. hxg3 e5 12. Bb5 e4 13. f4 a6 14. Be2 Bg4 15.
Bxg4 Nxg4 16. Rh4 Nh6 17. g4 f6 18. b3 Nb4 19. f5 Nf7 20. Nh3 Nd3+ 21. Ke2 b5
22. a5 b4 23. Nf4 Qb5 24. Nxd3 Qxd3+ 25. Kf2 Ng5 26. Nf1 Qxd1 27. Rxd1 c6 28.
Nd2 Kf7 29. Re1 Rab8 30. Rc1 Rb5 31. Ra1 Rd8 32. Ra2 Rc8 33. Ra1 Rd8 34. Ra2
Rdb8 35. Ra1 Rg8 36. Ra2 g6 37. Ra4 gxf5 38. gxf5 Ke7 39. Nf1 Rb7 40. Nd2 Rb5
41. Nf1 Rb7 42. Nd2 Rbb8 43. Nf1 Rb5 44. Nd2 Rh8 45. Nf1 h6 46. Rh5 Nf7 47. Nd2
Rg8 48. Nf1 Rg5 49. Rh4 Rxf5+ 50. Ke2 Rg5 51. Kf2 Rg8 52. Nd2 Rg7 53. Nf1 Rb8
54. Nd2 Rb5 55. Nf1 Ke6 56. Rh5 Rg5 57. Rh4 Rg6 58. Rh5 Rb8 59. Rh2 Ke7 60. Rh5
Nd8 61. Nd2 Ne6 62. Nf1 Nd8 63. Nd2 Ke6 64. Nf1 Nf7 65. Nd2 Rb5 66. Nf1 Nd8 67.
Nd2 Nb7 68. g3 Kf7 69. Kg2 Rxa5 70. Rxa5 Nxa5 71. Kf2 Nb7 72. Kg2 Ke6 73. Nb1
Nd8 74. Nd2 Nf7 75. Nf1 Ng5 76. Nd2 Nf7 77. Kh2 Rg5 78. Rh4 Rg6 79. Rh5 Kd7 80.
Nb1 Ng5 81. Nd2 Nf7 82. Nb1 a5 83. Nd2 Rg5 84. Rh4 Rf5 85. Kg2 Rg5 86. Kh2 Rg6
87. Rh5 Kc7 88. Rh4 Kb7 89. Kg2 Ka6 90. Rh1 Kb5 91. Ra1 Rg8 92. Rf1 Rg6 93. Ra1
h5 94. Rf1 h4 95. Ra1 hxg3 96. Kg1 Nd8 97. Rb1 Ne6 98. Ra1 f5 99. Rf1 g2 100.
Rxf5 Nc7 101. Rf8 Na6 102. Ra8 Rg7 103. Rc8 Rc7 104. Rg8 a4 105. bxa4+ Kxa4
106. Rxg2 Rb7 107. Nb1 b3 108. Rb2 Nb4 109. Kf2 Nd3+ 110. Ke2 Nxb2 111. Kd2
Nc4+ 112. Kc3 b2 113. Kc2 Nxe3+ 114. Kc3 Nc4 115. Kc2 e3 116. Kd3 Kb3 117. Ke2
Kc2 118. Ke1 Kxb1 119. Kd1 Ka2 120. Ke2 b1=Q 121. Kf3 Qf1+ 122. Kg4 Rg7+ 0-1

[Event "Junior Online 4NCL Division 3"]
[Site "online"]
[Date "2020.04.16"]
[Round "1.52"]
[White "Tang, Joshua"]
[Black "Cowan, James"]
[Result "1-0"]
[WhiteElo "1495"]
[BlackElo "1390"]
[PlyCount "41"]
[EventDate "2020.04.16"]
[WhiteTeam "Leicestershire Juniors 1"]
[BlackTeam "St Albans Early Knights 2"]

1. e4 e5 2. Nf3 Nc6 3. Bc4 Bc5 4. c3 Nf6 5. d4 exd4 6. cxd4 Bb4+ 7. Nc3 Nxe4 8.
O-O Nxc3 9. bxc3 Bxc3 10. Qb3 Bxa1 11. Bxf7+ Kf8 12. Bg5 Ne7 13. Ne5 d5 14.
Bxd5 h6 15. Ng6+ Ke8 16. Bf7+ Kd7 17. Qh3+ Kc6 18. Rc1+ Kb6 19. Qb3+ Ka5 20.
Rc5+ Ka6 21. Qb5# 1-0

[Event "Junior Online 4NCL Division 3"]
[Site "online"]
[Date "2020.04.16"]
[Round "1.53"]
[White "Ravithas, Ashwin"]
[Black "Powell, Henry"]
[Result "1-0"]
[WhiteElo "1382"]
[BlackElo "1382"]
[PlyCount "125"]
[EventDate "2020.04.16"]
[WhiteTeam "St Albans Early Knights 2"]
[BlackTeam "Leicestershire Juniors 1"]

1. e4 Nc6 2. Nf3 d5 3. exd5 Qxd5 4. Nc3 Qa5 5. Bb5 Bd7 6. O-O a6 7. Bxc6 Bxc6
8. d4 Qh5 9. d5 O-O-O 10. Qd2 Nf6 11. Rd1 Bxd5 12. Nxd5 Nxd5 13. c4 e6 14. cxd5
Rxd5 15. Qe2 Rxd1+ 16. Qxd1 Bd6 17. h3 Rd8 18. Qe2 Rg8 19. Be3 g5 20. Kf1 g4
21. Nh2 Bxh2 22. Rd1 Qf5 23. Qd2 Qb5+ 24. Ke1 gxh3 25. g3 Bg1 26. a4 Qxa4 27.
Bg5 Qe4+ 28. Be3 b6 29. Qd7+ Kb7 30. Qxf7 Rxg3 31. Rd7 Bxf2+ 32. Qxf2 Rxe3+ 33.
Kd2 Re2+ 34. Qxe2 Qxe2+ 35. Kxe2 Kc6 36. Rxh7 a5 37. Rxh3 Kc5 38. Re3 Kd5 39.
Rd3+ Kc5 40. Rc3+ Kd6 41. Kd3 b5 42. Ra3 a4 43. b3 axb3 44. Rxb3 Kc5 45. Rc3+
Kd6 46. Ke4 e5 47. Rd3+ Kc5 48. Rd5+ Kc4 49. Rxe5 c6 50. Re6 c5 51. Rb6 b4 52.
Ke3 Kc3 53. Ke2 c4 54. Kd1 b3 55. Kc1 Kd4 56. Kb2 Kc5 57. Ra6 Kb5 58. Ra8 Kc6
59. Kc3 Kc5 60. Ra5+ Kb6 61. Ra4 b2 62. Rb4+ Kc5 63. Rxb2 1-0